000 00680 a2200217 4500
010 _aENG-88867
020 _c175.00
035 _aEN-72400
037 _bDBAD / PUB
082 1 4 _a540
090 _c9546
_d9546
100 _aAgarwal, O.P
245 1 _aDisha's 30 year IIT-JEE topic wise solved papers ____ chemistry :
_cby O.P. Agarwal [and] D.K. Agarwal
_b1978-2007/
250 _a3rd ed
260 _aNew Delhi
_bDisha Publications
_c2008
300 _a174p.
_c27 cm (pbk)
500 _aIncludes Index
700 _aAgarwal, D.K.
942 _adpl
_cEN
_k540/ AGA
999 _c9372
_d9372